Costa Rica: 1984
Gespeichert in:
| 1. Verfasser: | |
|---|---|
| Körperschaft: | |
| Format: | Text |
| Veröffentlicht: |
s.l.:
INCAE
|
| Tags: |
Tag hinzufügen
Keine Tags, Fügen Sie den ersten Tag hinzu!
|
MARC
| LEADER | 00000 a a2200000 04500 | ||
|---|---|---|---|
| 001 | 21696 | ||
| 003 | |||
| 040 | |||
| 090 | |a 096900 | ||
| 100 | |a Ramírez, Noel | ||
| 110 | |a INCAE | ||
| 245 | |a Costa Rica: 1984 | ||
| 260 | |a s.l.: |b INCAE | ||
| 300 | |a 16 p. | ||
| 500 | |a Caso para servir como base de discusión en clase más bien que como ilustración de la gestión eficaz o ineficaz de algún asunto | ||
| 999 | |c 10968 |d 10968 | ||
